Planning (Record no. 69720)

MARC details
000 -LEADER
fixed length control field 01029cam a2200205 4500
001 - CONTROL NUMBER
control field ABS65183
008 - FIXED-LENGTH DATA ELEMENTS--GENERAL INFORMATION
fixed length control field 020306n2002 000 0 eng u
035 ## - SYSTEM CONTROL NUMBER
System control number (Sirsi) u117030
100 ## - MAIN ENTRY--PERSONAL NAME
Personal name Edwards, M.
245 ## - TITLE STATEMENT
Title Planning
260 ## - PUBLICATION, DISTRIBUTION, ETC.
Date of publication, distribution, etc. 2002
490 ## - SERIES STATEMENT
Series statement Estates Gazette
Volume/sequential designation (0205) 2 February 2002, 126
490 ## - SERIES STATEMENT
Series statement Estates Gazette
Volume/sequential designation (0206) 9 February 2002, 148-149(3)
520 ## - SUMMARY, ETC.
Summary, etc. Two part article on planning obligations. Part One looks at the existing legal position in the light of the proposed changes outlined in the DETR's consultation paper "Reforming planning obligations: delivering a fundamental change". Part Two considers the key proposals for change including affordable housing contributions to be paid by commercial and residential developers, introducing locally-set tariffs and making negotiaiton planning obligations to be the exception rather than the norm.
590 ## - LOCAL NOTE (RLIN)
Local note ABS
650 ## - SUBJECT ADDED ENTRY--TOPICAL TERM
Topical term or geographic name entry element PLANNING OBLIGATIONS
690 ## - LOCAL SUBJECT ADDED ENTRY--TOPICAL TERM (OCLC, RLIN)
Topical term or geographic name as entry element Planning and development
9 (RLIN) 6259
700 ## - ADDED ENTRY--PERSONAL NAME
Personal name Martin, J.
942 ## - ADDED ENTRY ELEMENTS (KOHA)
Suppress in OPAC 0
Holdings
Withdrawn status Lost status Source of classification or shelving scheme Damaged status Not for loan Home library Current library Shelving location Date acquired Total Checkouts Full call number Barcode Date last seen Copy number Price effective from Koha item type
    Dewey Decimal Classification     London London Journal article 06/03/2002   ABS65183 117030-1001 06/08/2019 1 06/08/2019 Journal article